Developing consumer health information services /

Bibliographic Details
Other Authors: Rees, Alan M.
Format: Book
Language:English
Published: New York, N.Y. : Bowker, 1982.
Series:Consumer information series (R.R. Bowker Company)
Subjects:

MARC

Tag First Indicator Second Indicator Subfields
LEADER 00000pam a2200000 a 4500
001 in00000088789
005 20151008063241.0
008 811116s1982 nyua b 00100 eng
010 |a  81018029  
020 |a 0835214737 
035 |a (OCoLC)07997982 
035 |9 AAK1873AM 
039 0 |a 2  |b 3  |c 3  |d 3  |e 3 
040 |a DLC  |c DLC  |d TXA  |d UtOrBLW 
049 |a TXAM  |c 1 [1196848], 2 [1503291] 
050 0 0 |a R118.2  |b .D48 
060 0 |a Z 675.M4 D489 
082 0 |a 025.5  |2 19 
245 0 0 |a Developing consumer health information services /  |c edited by Alan M. Rees. 
264 1 |a New York, N.Y. :  |b Bowker,  |c 1982. 
300 |a x, 296 pages :  |b illustrations ;  |c 24 cm. 
336 |a text  |b txt  |2 rdacontent 
337 |a unmediated  |b n  |2 rdamedia 
338 |a volume  |b nc  |2 rdacarrier 
490 1 |a Consumer information series 
500 |a "A companion volume to The Consumer health information source book (Bowker, 1981)"--Pref. 
504 |a Includes bibliographical references and index. 
650 0 |a Medicine  |x Information services. 
650 0 |a Health  |x Information services. 
650 0 |a Health education. 
650 0 |a Reference services (Libraries) 
650 2 |a Information Services  |z United States. 
650 2 |a Libraries, Medical  |z United States. 
650 2 |a Health Education. 
650 2 |a Library Services  |z United States. 
700 1 |a Rees, Alan M. 
830 0 |a Consumer information series (R.R. Bowker Company) 
999 |a MARS 
999 f f |s 1022ba5d-04ef-375c-9597-fc6b36ededfc  |i a73a35bd-0bf5-3cf0-8f39-ce4624c6703d  |t 0 
952 f f |p ric  |a Texas A&M University  |b Rellis Campus  |c Joint Library Facility  |s JLF  |d Remote Storage  |t 0  |e R118.2 .D48  |h Library of Congress classification  |i unmediated -- volume  |m A14805973190 
998 f f |a R118.2 .D48  |t 0  |l Remote Storage